000 00239nam a2200097Ia 4500
001 711448
005 20250826162808.0
008 250824s9999 xx 000 0 und d
245 0 _aGENİŞ ZAMANLAR
_cAYŞE KULİN
260 _bEVEREST YAYINLARI
999 _c711448
_d711448